000
00365nam a22001577a 4500
003
MPLRDC
005
20220104142523.0
008
210129b ||||| |||| 00| 0 eng d
082
_a
030 YSM
100
_a
余思牧编著
245
_a
国学新话
_c
260
_a
_b
香港侨光书店
_c
1955
300
_b
平
650
_a
汉学总论
942
_c
BK
_o
030 YSM
999
_c
31545
_d
31535